Bulharské impresie a belgický šperk

Bibliographic Details
Main Author: Bábiková, Hana (Author)
Format: Article
Language:Slovak
Subjects:

MARC

LEADER 00000nab a2200000 ar4500
001 vtls009294116
003 SK-MaSNL
005 20260426063331.0
008 080514c19760310xo |r|p|||||||000 b|slo
015 |a SNBRB1976 
038 |a SNKBUCL 
040 |a SNKBUCL  |b slo  |c SNKBUCL  |e AACR2 
041 |a slo 
044 |a xo  |c SK 
080 |a 745.5:061.4  |2 1997 
100 1 |a Bábiková, Hana  |4 aut  |9 944143 
245 1 0 |a Bulharské impresie a belgický šperk  |c Hana Bábiková 
648 7 |a 1976  |2 snkbucl  |9 279488 
650 0 7 |a bulharské impresie  |x výstavy  |2 snkbucl  |9 1285568 
650 0 7 |a belgický šperk  |x výstavy  |2 snkbucl  |9 1285569 
651 7 |a Bratislava (Slovensko)  |2 snkbucl  |9 14568 
773 0 |t Ľud  |g (10.3.1976), s. 5 
852 |a SNK  |b KIS3GCP 
958 |a SK 
999 |c 2554921  |d 2556851